000 00600nam a2200229Ia 4500
003 OSt
005 20220925232757.0
006 a|||||r|||| 00| 0
007 ta
008 220923b |||||||| |||| 00| 0 eng d
037 _cGeneral Book
040 _aRTL
_cRTL
_beng
041 _2eng
_aeng
082 _aY:32178, J6
100 _aGoode William J
245 0 _aWoment in divorce.
260 _aNew York
_bFree Press
_c1956
300 _axix,381p
_ccm.
500 _aAppendix P 343-366
942 _hY:32178, J6
_cGB
_2CC
999 _c592136
_d592136